Modelo para la implementación de un sistema de trauma, emergencias y cuidado intensivo quirúrgico /

Detalles Bibliográficos
Otros Autores: Salamea Molina, Juan Carlos (Editor), Aboutanos, Michel (Editor), Puyana, Juan Carlos (Editor)
Formato: Electrónico eBook
Lenguaje:español
Publicado: Cuenca, Ecuador : Universidad del Azuay, [2018]
Materias:
Acceso en línea:Digitalia Hispánica

MARC

LEADER 00000nam a2200000 i 4500
001 DIGUAZUAY0047
003 NyNyDIG
007 cr |||||||||||
008 260114s2018 ec a ob 000 0 spa d
006 m o d
035 |a (OCoLC)1438852744 
040 |a DGITA  |b eng  |e rda  |e pn  |c DGITA 
020 |a 9789942778116  |q eBook 
020 |z 9789942778109 
050 1 4 |a RD51.5 ebook 
245 0 0 |a Modelo para la implementación de un sistema de trauma, emergencias y cuidado intensivo quirúrgico /  |c editores, Juan Carlos Salamea Molina, Michel Aboutanos, Juan Carlos Puyana ; autores, Michel Aboutanos [and 15 others]. 
264 1 |a Cuenca, Ecuador :  |b Universidad del Azuay,  |c [2018] 
300 |a 1 online resource :  |b illustrations. 
336 |a text  |b txt  |2 rdacontent 
337 |a computer  |b c  |2 rdamedia 
338 |a online resource  |b cr  |2 rdacarrier 
347 |a text file  |2 rdaft 
347 |b PDF 
504 |a Includes bibliographical references. 
588 0 |a Online resource; title from PDF title page (Digitalia, viewed January 14, 2026) 
650 0 |a Surgical intensive care. 
650 0 |a Critical care medicine. 
700 1 |a Salamea Molina, Juan Carlos,  |e editor. 
700 1 |a Aboutanos, Michel,  |e editor. 
700 1 |a Puyana, Juan Carlos,  |e editor. 
791 2 |a Digitalia (Firm),  |e distributor. 
793 0 |g Digitalia eBook Collection:  |a Universidad del Azuay 
776 0 8 |i Print version:  |t Modelo para la implementación de un sistema de trauma, emergencias y cuidado intensivo quirúrgico.  |d Cuenca, Ecuador : Universidad del Azuay, [2018]  |z 9789942778109 
856 4 0 |3 Digitalia Hispánica  |u https://www.digitaliapublishing.com/a/133430/ 
910 |a Premium collection: 2026